Estadísticas para Los fichajes más caros del fútbol - Futbolistas franceses

Haz click aquí para intentar la prueba.

Estadísticas generales

  • Esta prueba ha sido intentada 49 veces
  • La puntuación promedio es 9 de 10

Estadísticas de respuestas

Coste (M €)TemporadaÚltimo clubNuevo clubJugador% Correcto
180,002018-2019MónacoPSGKylian Mbappé
100%
135,002017-2018Borussia DortmundFC BarcelonaOusmane Dembélé
98%
120,002019-2020Atlético MadridFC BarcelonaAntoine Griezmann
96%
105,002016-2017JuventusManchester UnitedPaul Pogba
96%
80,002022-2023MónacoReal MadridAurélien Tchouaméni
93%
77,502001-2002JuventusReal MadridZinédine Zidane
91%
72,002018--2019MónacoAtlético MadridThomas Lemar
85%
80,002019-2020Atlético MadridBayern MúnichLucas Hernández
80%
95,002023-2024EintrachtPSGRandal Kolo Muani
76%
80,402022-2023Leicester CityChelseaWesley Fofana
57%

Distribución de puntuación

Porcentaje por número respondido

Porcentaje de gente con cada puntuación

Historial de tus puntuaciones

No has intentado esta prueba.